Cerita dongeng Langkawi Puteri Kayangan di Tasik
| Format: | Book |
|---|---|
| Published: |
P.Jaya :
Didika Sdn Bhd ,
1995
|
| Series: | Siri bacaan rintis
|
| Subjects: |
MARC
| LEADER | 00000cam a2200000 7i4500 | ||
|---|---|---|---|
| 001 | 0000006155 | ||
| 002 | 000006645 | ||
| 005 | 20000330.0 | ||
| 020 | |a 983981737X | ||
| 090 | 0 | 0 | |a JF |b CER |
| 245 | 0 | 0 | |a Cerita dongeng Langkawi Puteri Kayangan di Tasik |c cerita semula oleh Johnny Ong |
| 260 | |a P.Jaya : |b Didika Sdn Bhd , |c 1995 | ||
| 300 | |a 24p. : |b ill ; |c 17cm. | ||
| 490 | 0 | |a Siri bacaan rintis | |
| 650 | 0 | 0 | |a Children's stories |
| 999 | |a 038463 |b BUKU |c JUNIOR FICTION |e PERPUSTAKAAN KOMUNITI PETALING JAYA | ||